00778cam a2200241 i 4500001000300000003000900003005001700012008003900029015001600068020001500084040003500099080001200134080001200146100002700158245005600185250005200241260003500293300002600328650001900354655003000373710003500403856009800438bgKOSZ 00520221006112011.0980713s1996 pl f f |000 0 pol aPB 1997/389 a8390146258 aWA NcKOSZ 005/HRdKOSZ 005/HR a34(438) a(075.8)1 aSiuda, WojciecheAutor10aElementy prawa dla ekonomistów /cWojciech Siuda. aWyd. 11, [stan prawny na dzień 31.5.1996 r.]. aPoznań :b"Scriptum",c1996. a300, [3] s. ;c24 cm. 4aPrawozPolska. 4aPodręczniki akademickie2 aScriptum, Wojciech Siuda4pbl. uhttp://koha.tu.koszalin.pl/cgi-bin/koha/opac-detail.pl?biblionumber=24833yKatalog online BPK